| 000 | 00612nam a2200157 a 4500 | ||
|---|---|---|---|
| 008 | 120416s1969 ||||||||||||||||| || u | ||
| 050 | _aTK 7872.T73 Amo | ||
| 100 | _aAmos, S. W | ||
| 245 | 1 | 0 | _aPrinciples of transistor circuits: introduction to the design of amplifiers, receivers and other circuits |
| 260 |
_aLondon: _bIlliffe Books _c1969 |
||
| 300 | _a210p. : ill. | ||
| 350 | _a0.00 | ||
| 650 | _aTRANSISTOR CIRCUITS | ||
| 650 | _aCIRCUITS | ||
| 995 |
_D0.00 _FCBU-MAIN LIBRARY (Kitwe) _H1 _I0.00 _UDAMAGED _WJun 4, 2009 _ZMain Library Open Access Collection |
||
| 999 |
_c54651 _d54651 |
||